[Event "Seefeld op"]
[Site "Seefeld"]
[Date "1996.??.??"]
[Round "?"]
[White "Babinetz, Rainer"]
[Black "Voss, Ingo"]
[Result "0-1"]
[WhiteElo "1900"]
[BlackElo "2225"]

1.d4 d5 2.c4 c6 3.Nc3 Nf6 4.Nf3 a6 5.e3 b5 6.b3 Bg4 7.Bd3 e6 8.O-O Be7 9.Bb2 O-O
10.Qc2 Bxf3 11.gxf3 g6 12.Rad1 Nh5 13.e4 f5 14.cxd5 cxd5 15.exd5 Bd6 16.f4 Nxf4
17.Kh1 exd5 18.a4 Qh4 19.f3 Nc6 20.Nxd5 Nxd5 21.axb5 Ncb4 22.Qg2 Nxd3 23.Rxd3 Nf4
24.Qc2 Nxd3 25.Qc4+ Rf7  0-1

[Event "Seefeld op"]
[Site "Seefeld"]
[Date "1996.??.??"]
[Round "?"]
[White "Martin, Stefan"]
[Black "Voss, Ingo"]
[Result "1/2-1/2"]
[WhiteElo "2235"]
[BlackElo "2225"]

1.d4 d5 2.c4 c6 3.Nf3 Nf6 4.Nc3 a6 5.Qb3 e6 6.Bf4 dxc4 7.Qxc4 b5 8.Qb3 c5
9.dxc5 Bxc5 10.e3 O-O 11.Be2 Bb7 12.O-O Nbd7 13.Ne5 Nxe5 14.Bxe5 Ne4 15.Rfd1 Qg5
16.Nxe4 Bxe4 17.Bg3 Rac8 18.a4 Bd5 19.Qc3 b4  1/2-1/2

[Event "Sochi"]
[Site "Sochi"]
[Date "1996.??.??"]
[Round "?"]
[White "Averkin, Orest N"]
[Black "Ivanov, Victor L"]
[Result "0-1"]
[WhiteElo "2455"]
[BlackElo "2450"]

1.d4 Nf6 2.Nf3 d5 3.c4 c6 4.Nc3 a6 5.e3 b5 6.cxd5 cxd5 7.Bd2 e6 8.a4 b4 9.Na2 Qb6
10.Nc1 Bd6 11.a5 Qb7 12.Bd3 Ne4 13.Nb3 O-O 14.O-O Qe7 15.Qe2 Nd7 16.Rfc1 Nxd2
17.Qxd2 Bb7 18.Nc5 Nxc5 19.dxc5 Bxc5 20.Bxh7+ Kh8 21.Bd3 Bd6 22.Nd4 g6 23.g3 Kg7
24.Nc6 Qf6 25.Nxb4 g5 26.Bf1 Rh8 27.Nd3 d4 28.Bg2 Bxg2 29.Kxg2 Rxh2+  0-1

[Event "Soest op"]
[Site "Soest"]
[Date "1996.??.??"]
[Round "5"]
[White "Lazarev, Vladimir"]
[Black "Ye Rongguang"]
[Result "0-1"]
[WhiteElo "2445"]
[BlackElo "2475"]

1.d4 d5 2.c4 c6 3.Nf3 Nf6 4.Nc3 a6 5.c5 Bg4 6.Ne5 Bh5 7.Qb3 Ra7 8.Bf4 Nbd7
9.e3 Nxe5 10.Bxe5 Nd7 11.Bg3 e5 12.Be2 Bg6 13.O-O f6 14.Bg4 f5 15.Bd1 exd4
16.exd4 Be7 17.Re1 O-O 18.Ne2 Bg5 19.Bd6 Re8 20.Qf3 Nf6 21.Bc2 Bd2 22.Bxf5 Bxf5
23.Qxf5 Bxe1 24.Rxe1 b6 25.f3 Rb7 26.Qc2 bxc5 27.Bxc5 Qa5 28.b4 Qa3 29.Kf1 Qe3
30.Rb1 Ng4 31.fxg4 Rf7+ 32.Ke1 Qf2+  0-1

[Event "RUS-Cup1 Chigorin mem"]
[Site "St Petersburg"]
[Date "1996.??.??"]
[Round "2"]
[White "Epishin, Vladimir"]
[Black "Volkov, Sergey"]
[Result "1-0"]
[WhiteElo "2620"]
[BlackElo "2485"]

1.d4 d5 2.c4 c6 3.Nc3 Nf6 4.Nf3 a6 5.Ne5 dxc4 6.a4 e6 7.g3 c5 8.Be3 Nbd7
9.Nxc4 Nd5 10.Bg2 Nxe3 11.Nxe3 cxd4 12.Qxd4 Qb6 13.Qxb6 Nxb6 14.a5 Nd7 15.Nc4 Bb4
16.O-O Rb8 17.Rfc1 O-O 18.Na4 Nf6 19.Ncb6 Bd7 20.Rc7 Rfd8 21.Nc3 Bc6 22.Bxc6 bxc6
23.Rxc6 h5 24.Ra4 Bxc3 25.bxc3 Rd2 26.Kf1 Rd1+ 27.Kg2 Rd2 28.Kf1 Rd1+ 29.Kg2 Rd2
30.Kf3 Rc2 31.Rac4 Kh7 32.Rc8 Rxc8 33.Rxc8 e5 34.h3 g5 35.Ke3 h4 36.gxh4 gxh4
37.Rc5 Rc1 38.Kf3 e4+ 39.Kg2 e3 40.Rc4 exf2 41.Kxf2 Rxc3 42.Rxc3 Ne4+ 43.Kf3 Nxc3
44.Nd7 Nb5 45.Nc5 Nd6 46.Kg4 Nc4 47.Nb3 Kg6 48.Kxh4 Kf5 49.Kh5 Kf4 50.h4 Ne3
51.Nc5 Nc4 52.Kh6 Kg4 53.h5 Nxa5 54.Nd7 Nc4 55.Nf6+ Kh4 56.e4 Ne5 57.Kg7 a5
58.h6 a4 59.h7 Ng6 60.e5 Kg5 61.Nd5 a3 62.Ne7 a2 63.Nxg6 fxg6 64.h8=Q a1=Q
65.Qh6+ Kg4 66.Qxg6+ Kh3 67.Qf6 Qa7+ 68.Kh6 Qe3+ 69.Kg6 Qg1+ 70.Kf7 Qa7+
71.Qe7 Qa5 72.Qe6+ Kh2 73.Qh6+ Kg1 74.Qe3+ Kg2 75.Qe4+ Kh2 76.Qf4+ Kg2 77.e6 Qd5
78.Kf6 Qc6 79.Qe5 Kh1 80.Kg7 Qg2+ 81.Kf7 Qf3+ 82.Qf6 Qb3 83.Qh4+ Kg1 84.Qd4+ Kh1
85.Qe4+ Kg1 86.Kf6 Qc3+ 87.Kf5 Qc5+ 88.Kg6 Qb6 89.Kh7 Qd6 90.e7 Qd7 91.Kg7 Qc7
92.Kg8 Qd6 93.Kf8 Qc7 94.Qd4+ Kh1 95.Kg8 Qc2 96.Qd5+ Kh2 97.e8=Q Qf2 98.Qeh5+ Kg1
99.Qg4+ Kf1 100.Qdd1+  1-0

[Event "RUS-Cup1 Chigorin mem"]
[Site "St Petersburg"]
[Date "1996.??.??"]
[Round "4"]
[White "Eingorn, Vereslav S"]
[Black "Volkov, Sergey"]
[Result "1-0"]
[WhiteElo "2585"]
[BlackElo "2485"]

1.c4 Nf6 2.Nf3 c6 3.d4 d5 4.Nc3 a6 5.h3 dxc4 6.a4 Nd5 7.a5 Bf5 8.e3 Bd3 9.Bxd3 cxd3
10.Qxd3 Nb4 11.Qe2 Nd7 12.O-O Qc7 13.e4 e5 14.dxe5 Nxe5 15.Bf4 f6 16.Nxe5 fxe5
17.Qh5+ Qf7 18.Qxe5+ Be7 19.Rad1 O-O 20.Rd7 Rae8 21.Bg3 h5 22.Qc7 Qf6 23.Be5 Qe6
24.Ne2 c5 25.Nf4 Rxf4 26.Bxf4 Qxe4 27.Bd2 Bf6 28.Bc3 Nd5 29.Rxg7+ Kh8 30.Qf7 Bxc3
31.bxc3 Nf4 32.Rh7+ Qxh7 33.Qxe8+ Qg8 34.Qe5+  1-0

[Event "Stary Smokovec"]
[Site "Stary Smokovec"]
[Date "1996.??.??"]
[Round "?"]
[White "Meduna, Eduard"]
[Black "Velicka, Petr"]
[Result "1-0"]
[WhiteElo "2450"]
[BlackElo "2430"]

1.d4 d5 2.c4 c6 3.Nc3 Nf6 4.Nf3 a6 5.Ne5 dxc4 6.a4 c5 7.d5 e6 8.e4 exd5 9.exd5 Bd6
10.Nxc4 O-O 11.Be2 Bf5 12.O-O Qc7 13.f4 Ne4 14.Bf3 Nxc3 15.bxc3 b6 16.Re1 Ra7
17.g3 Rb7 18.Qe2 Qd8 19.Nxd6 Qxd6 20.c4 a5 21.Bb2 f6 22.Bg4 Bxg4 23.Qxg4 Re7
24.f5 Rxe1+ 25.Rxe1 Qd7 26.Re6 Qxa4 27.Rxf6 Rxf6 28.Bxf6 Qd7 29.Be5 Na6 30.Qe4 Qe8
31.d6 Nb4 32.f6 Qg6 33.Qa8+ Kf7 34.Qb7+ Kg8 35.f7+ Qxf7 36.Qc8+  1-0

[Event "Stary Smokovec"]
[Site "Stary Smokovec"]
[Date "1996.??.??"]
[Round "?"]
[White "Tibensky, Robert"]
[Black "Sergeev, Vladimir"]
[Result "0-1"]
[WhiteElo "2440"]
[BlackElo "2435"]

1.d4 Nf6 2.c4 c6 3.Nc3 d5 4.Nf3 a6 5.e3 b5 6.b3 Bg4 7.Be2 Nbd7 8.h3 Bh5 9.Ne5 Bxe2
10.Qxe2 e6 11.O-O Nxe5 12.dxe5 Nd7 13.cxd5 cxd5 14.Bb2 Bc5 15.Qg4 O-O 16.Ne2 Qb8
17.Qg3 Rc8 18.Rfd1 Ra7 19.Nf4 Bf8 20.Rd2 a5 21.Nh5 Kh8 22.Rad1 Nc5 23.f3 a4
24.b4 Nd7 25.a3 Nb6 26.Bd4 Nc4 27.Rd3 Rac7 28.f4 Rc6 29.Rf1 Qc7 30.f5 exf5
31.Rxf5 Re8 32.Qf4 Kg8 33.Rd1 Nxa3 34.Bb2 Nc4 35.Rf1 Re7 36.Bd4 Nd2 37.Nf6+ gxf6
38.Qg4+ Kh8 39.e6 Bg7 40.Rg5 Rc1 41.Be5 Rxf1+ 42.Kh2  0-1

[Event "SWE-chT 9596"]
[Site "?"]
[Date "1996.??.??"]
[Round "?"]
[White "Akesson, Ralf"]
[Black "Hellsten, Johan"]
[Result "1/2-1/2"]
[WhiteElo "2505"]
[BlackElo "2475"]

1.d4 d5 2.c4 c6 3.Nf3 Nf6 4.Nc3 a6 5.e3 b5 6.cxd5 cxd5 7.Ne5 e6 8.Be2 Nbd7
9.Nd3 Bd6 10.O-O O-O 11.Bd2 Qe7 12.Rc1 Nb6 13.Nb1 Bd7 14.b3 Rfb8 15.Ba5 Be8
16.Rc2 Nbd7 17.Qc1 e5 18.dxe5 Nxe5 19.Bc7 Nxd3 20.Bxd3 Rb7 21.Bxd6 Qxd6 22.Nd2 Raa7
23.Qb2 Rc7 24.Rfc1 a5 25.h3 b4 26.Qd4 Rxc2 27.Rxc2 Rc7 28.Ne4 Nxe4 29.Bxe4 Rxc2
30.Bxc2 Qc7 31.Bd3 Qc1+ 32.Kh2 Qc7+ 33.Kg1 Qc1+ 34.Kh2 Qc7+ 35.Kg1 Qc1+  1/2-1/2

[Event "SWE-chT 9596"]
[Site "?"]
[Date "1996.??.??"]
[Round "?"]
[White "Sandstrom, Ludvig"]
[Black "Hellsten, Johan"]
[Result "1-0"]
[WhiteElo "2355"]
[BlackElo "2475"]

1.d4 d5 2.c4 c6 3.Nf3 Nf6 4.Nc3 a6 5.Bg5 Ne4 6.Bh4 Nxc3 7.bxc3 dxc4 8.e4 b5
9.Be2 g6 10.O-O Bg7 11.Qc1 O-O 12.a4 Nd7 13.Qa3 Re8 14.Bd1 c5 15.axb5 Bb7
16.b6 cxd4 17.Nxd4 Nxb6 18.Bc2 Qc7 19.Rab1 e5 20.Nf3 Nd7 21.Nd2 Nc5 22.f3 Bf8
23.Qa2 Bc6 24.Nxc4 Bb5 25.Rfe1 Ne6 26.Ne3 Nf4 27.c4 Bd7 28.Kh1 Bc5 29.Nd5 Nxd5
30.cxd5 Bb5 31.Red1 Qd6 32.Bb3 Rec8 33.Qd2 Kg7 34.Bg3 f6 35.Rdc1 Bb4 36.Qe3 Ba3
37.Rxc8 Rxc8 38.f4 exf4 39.Bxf4 Qb4 40.Qh3 Rc3 41.Bh6+ Kg8 42.Qe6+ Kh8 43.Qxf6+  1-0

[Event "SWE-chT 9596"]
[Site "?"]
[Date "1996.??.??"]
[Round "?"]
[White "Eklund, Mathias"]
[Black "Schneider, Stefan"]
[Result "1/2-1/2"]
[WhiteElo "2215"]
[BlackElo "2225"]

1.d4 d5 2.c4 c6 3.Nf3 Nf6 4.Nc3 a6 5.cxd5 cxd5 6.Bf4 Nc6 7.e3 Bg4 8.Be2 e6
9.h3 Bxf3 10.Bxf3 Be7 11.O-O O-O 12.Rc1 Rc8 13.Na4 Nd7 14.e4 Nf6 15.e5 Nd7
16.Be3 b5 17.Nc3 Nb6 18.b3 Ba3 19.Rb1 Nb4 20.Bc1 Bxc1 21.Rxc1 Qh4 22.Qd2 Nc6
23.Ne2 Rc7 24.Rc2 Rfc8 25.Rfc1 Qe7 26.Bg4 Na8 27.f4 g6 28.Kf2 Kg7 29.g3 Nb6
30.Rc3 Na8 31.Bf3 Qb4 32.Qd3 h5 33.g4 hxg4 34.hxg4 Qe7 35.Rh1 Nb4 36.Qd2 Rxc3
37.Nxc3 Rh8 38.Rxh8 Kxh8 39.Kg3 Kg7 40.a4 Nc7 41.axb5 axb5 42.Be2 Nc6 43.Bxb5 Nxb5
44.Nxb5 Qb7 45.Qd3 Qa6 46.Qe2 Qa1 47.Qe3 Nb4 48.f5 Nc2 49.Qf2 Qd1 50.fxe6 fxe6
51.Qf6+ Kh7 52.Qf7+ Kh8 53.Qf8+ Kh7 54.Qf7+ Kh8 55.Qf8+  1/2-1/2

[Event "SWE-chT 9596"]
[Site "?"]
[Date "1996.??.??"]
[Round "?"]
[White "Nordstrom, Felix"]
[Black "Schneider, Stefan"]
[Result "0-1"]
[WhiteElo "2220"]
[BlackElo "2225"]

1.d4 d5 2.c4 c6 3.Nf3 Nf6 4.Nc3 a6 5.e3 b5 6.cxd5 cxd5 7.Bd3 Bb7 8.O-O e6
9.Ne5 Nbd7 10.f4 Be7 11.Qf3 O-O 12.Bd2 Rc8 13.f5 b4 14.Nxd7 Qxd7 15.Ne2 Ne4
16.Rad1 exf5 17.Qxf5 Qxf5 18.Rxf5 Rc7 19.Rff1 Rfc8 20.Nf4 Bd6 21.g3 g6 22.Bc1 h5
23.Kg2 a5 24.Kg1 Kg7 25.Rfe1 Rh8 26.Bd2 Rhc8 27.Bc1 Kh6 28.Rf1 g5 29.Ne2 Kg6
30.Kg2 f5 31.Rg1 Kf6 32.Rgf1 Ke6 33.Ng1 Rc2+ 34.Ne2 Rxe2+ 35.Bxe2 Rc2 36.Rfe1 h4
37.gxh4 g4 38.h5 Ba6 39.Kf1 Bxh2 40.h6 Bxe2+ 41.Rxe2 Ng3+  0-1

[Event "Tapolca (Women)"]
[Site "Tapolca"]
[Date "1996.??.??"]
[Round "2"]
[White "Pastivnychna, Zorjana"]
[Black "Kiss, Fernanda"]
[Result "0-1"]
[WhiteElo "2115"]
[BlackElo "2160"]

1.d4 Nf6 2.Nf3 d5 3.c4 c6 4.Nc3 a6 5.e3 b5 6.cxd5 cxd5 7.Bd3 e6 8.O-O Be7
9.Bd2 O-O 10.Rc1 Bb7 11.Bb1 Nc6 12.Qe2 Na5 13.Rfd1 Rc8 14.Be1 Bb4 15.Ne5 Nc4
16.Nd3 Bd6 17.b4 Bc6 18.Nc5 a5 19.bxa5 Qc7 20.Bd3 Bxh2+ 21.Kh1 Bd6 22.Rb1 Bxc5
23.dxc5 b4 24.Bxc4 bxc3 25.Ba6 Ra8 26.Bxc3 Ne4 27.Be1 f5 28.Bd3 Rf6 29.f4 d4
30.Bxe4 Bxe4 31.Rb2 d3 32.Rxd3 Bxd3 33.Qxd3 Qxc5 34.Rc2 Qe7 35.a3 Rd8 36.Qb3 Kh8
37.Kg1 Rg6 38.Rb2 e5 39.fxe5 Qxe5 40.Qc3 Qe4 41.Rd2 Re8 42.Qd4 Qc6 43.Qd3 f4
44.e4 h6 45.Rb2 Rxe4 46.Kf1 Rxe1+  0-1

[Event "GEO-ch"]
[Site "Tbilisi"]
[Date "1996.??.??"]
[Round "?"]
[White "Janjgava, Lasha"]
[Black "Lobzhanidze, Davit"]
[Result "1-0"]
[WhiteElo "2495"]
[BlackElo "2280"]

1.d4 d5 2.c4 c6 3.Nf3 Nf6 4.Nc3 a6 5.g3 dxc4 6.Bg2 b5 7.Ne5 Bb7 8.a4 Nd5
9.O-O e6 10.e4 Nxc3 11.bxc3 Be7 12.Rb1 Qc7 13.Bf4 Bd6 14.Qg4 O-O 15.Nxc4 Bxf4
16.Qxf4 Qxf4 17.gxf4 Bc8 18.Nd6 Bd7 19.e5 Ra7 20.Rfc1 c5 21.axb5 axb5 22.dxc5 Rc7
23.c4 bxc4 24.Rxc4 Bc6 25.h4 Bxg2 26.Kxg2 Nc6 27.h5 g5 28.hxg6 fxg6 29.Ne4 Kg7
30.Nf6 Rb8 31.Rd1 g5 32.Rd6 Kf7 33.Ng4 h5 34.Nh6+ Kg7 35.Rxe6 gxf4 36.Nf5+ Kf7
37.Rf6+ Ke8 38.Re6+ Ne7 39.Ng7+ Kd7 40.Rd6+  1-0

[Event "CRO-chT"]
[Site "Tucepi"]
[Date "1996.??.??"]
[Round "?"]
[White "Petek Medic, Mirjana"]
[Black "Macek, Vlasta"]
[Result "1/2-1/2"]
[WhiteElo "2320"]
[BlackElo "2250"]

1.Nf3 d5 2.d4 Nf6 3.c4 c6 4.Nc3 a6 5.Ne5 Nbd7 6.Bf4 e6 7.e3 Be7 8.Bd3 O-O
9.O-O dxc4 10.Bxc4 c5 11.dxc5 Nxe5 12.Bxe5 Qxd1 13.Rfxd1 Bxc5 14.Be2 b5 15.Bf3 Ra7
16.Rac1 Nd7 17.Bg3 f5 18.Bc6 Be7 19.Ne2 Bf6 20.Nd4 Ne5 21.b3 Nxc6 22.Nxc6 Ra8
23.Ne5 Rd8 24.Rxd8+ Bxd8 25.Rc6 Kf8 26.h3 Ke8 27.Kf1 h6 28.Nd3 Bd7 29.Rc2 Rc8
30.Rxc8 Bxc8 31.Be5 Kf7 32.Bd4 Bf6 33.Bxf6 Kxf6 34.b4 e5 35.Nc5 e4 36.Ke2 Ke5
37.Kd2 Kd5 38.Kc3 a5 39.a4 axb4+ 40.Kxb4  1/2-1/2

[Event "Ubeda op"]
[Site "Ubeda"]
[Date "1996.??.??"]
[Round "?"]
[White "Baburin, Alexander"]
[Black "Giorgadze, Giorgi"]
[Result "1/2-1/2"]
[WhiteElo "2505"]
[BlackElo "2590"]

1.d4 d5 2.c4 c6 3.Nf3 Nf6 4.Nc3 a6 5.Ne5 dxc4 6.a4 Be6 7.e4 Nbd7 8.Nxc4 Bxc4
9.Bxc4 b5 10.axb5 axb5 11.Rxa8 Qxa8 12.Bd3 e5 13.O-O Be7 14.d5 b4 15.dxc6 Qxc6
16.Bb5 Qb7 17.Nd5 Nxd5 18.Qxd5 Qxd5 19.exd5 Bd6 20.Bg5 h6 21.Rc1 O-O 22.Bxh6 gxh6
23.Bxd7 Ra8 24.g3 Kf8 25.Rc8+ Rxc8 26.Bxc8 Bc5 27.b3 Ke7 28.Bf5 Kd6 29.Be4 f5
30.Bxf5 Kxd5 31.Kf1 e4  1/2-1/2

[Event "Vantaa We op4"]
[Site "Vantaa"]
[Date "1996.??.??"]
[Round "5"]
[White "Veingold, Aleksandr"]
[Black "Maidla, Vallo"]
[Result "1/2-1/2"]
[WhiteElo "2425"]
[BlackElo "2370"]

1.d4 d5 2.Nf3 c6 3.c4 Nf6 4.Nc3 a6 5.c5 Nbd7 6.h3 Qc7 7.Bg5 e5 8.Bxf6 gxf6
9.e3 e4 10.Nh4 Be7 11.Nf5 Nf8 12.Nxe7 Kxe7 13.Be2 Rg8 14.g3 Be6 15.b4 Nd7
16.h4 b6 17.Na4 b5  1/2-1/2

[Event "JUG-ch (Women) 1"]
[Site "Vrnjacka Banja"]
[Date "1996.??.??"]
[Round "?"]
[White "Khurtsidze, Nino"]
[Black "Stepovaia Dianchenko, Tatiana"]
[Result "1/2-1/2"]
[WhiteElo "2365"]
[BlackElo "2385"]

1.d4 d5 2.c4 c6 3.Nf3 Nf6 4.Nc3 a6 5.Ne5 Nbd7 6.g3 e6 7.Bg2 Nxe5 8.dxe5 Nd7
9.cxd5 exd5 10.e4 d4 11.Qxd4 Bc5 12.Qd1 Nxe5 13.Qxd8+ Kxd8 14.Ke2 Kc7 15.Bf4 f6
16.Rac1 Bg4+ 17.f3 Be6 18.Nd5+ cxd5 19.exd5 Bxd5 20.Rxc5+ Kd6 21.Rc2 Bc6
22.Rd1+ Kc7 23.Bh3 Rad8 24.Rxd8 Kxd8 25.Bxe5 fxe5 26.Ke3 Rf8 27.Rf2 Ke7 28.Bf1 Bd5
29.a3 Ke6 30.Bd3 g6 31.Be4 Bxe4 32.Kxe4 Rc8 33.Rd2 Rc4+ 34.Ke3 Rc8  1/2-1/2

[Event "Warsaw op (Women)"]
[Site "Warsaw"]
[Date "1996.??.??"]
[Round "4"]
[White "Fatalibekova, Elena"]
[Black "Svobodova, Michaela"]
[Result "1/2-1/2"]
[WhiteElo "2240"]
[BlackElo "2150"]

1.d4 d5 2.Nf3 Nf6 3.c4 c6 4.Nc3 a6 5.c5 g6 6.g3 Bg7 7.Bg2 O-O 8.O-O Nbd7
9.Na4 Ne4 10.Ng5 Nxg5 11.Bxg5 f6 12.Be3 e5 13.f4 Qe7 14.Qd2 Re8 15.Rae1 Nf8
16.Nb6 Rb8 17.Nxc8 Rbxc8 18.f5 gxf5 19.Bh3 f4 20.gxf4 Ne6 21.b4 Rcd8 22.Bxe6+ Qxe6
23.f5 Qf7 24.Rf2 Qh5 25.Ref1 Kf7 26.Rg2 exd4 27.Bxd4 Re4 28.Qd3 Bh6 29.Qg3 Rde8
30.Qc7+ R4e7 31.Qd6 Be3+ 32.Bxe3 Rxe3 33.Qc7+ R3e7 34.Qg3 Qg5 35.Qxg5 fxg5
36.Rxg5 Rxe2 37.Rh5 Rg8+ 38.Kh1 Rxa2 39.f6 Kg6 40.f7 Rf8 41.Rh3 h6 42.Rg3+ Kh7
43.Re3 a5 44.bxa5 Rxa5 45.Re7 Rxc5 46.Rxb7 d4 47.Rd7 Rc4 48.Kg2 Kg7 49.Rf3 c5
50.h4 Rc3 51.Rxc3 dxc3 52.Rc7 Rxf7  1/2-1/2

[Event "Yalta op"]
[Site "Yalta"]
[Date "1996.??.??"]
[Round "1"]
[White "Timoshenko, Georgy"]
[Black "Vartapetyan, Armen"]
[Result "1/2-1/2"]
[WhiteElo "2500"]
[BlackElo "2285"]

1.d4 d5 2.c4 c6 3.Nf3 Nf6 4.Nc3 a6 5.Qc2 g6 6.cxd5 cxd5 7.Bg5 Bg7 8.Bxf6 exf6
9.Nxd5 Nc6 10.Nc3 Nxd4 11.Qe4+ Ne6 12.Rd1 Qa5 13.Rd5 b5 14.Rd2 Ra7 15.Nd4 f5
16.Qc6+ Bd7 17.Qd6 Qc7 18.Qxc7 Rxc7 19.e3 O-O 20.Be2 Nxd4 21.exd4 b4 22.Nd1 Re8
23.O-O Bh6 24.f4 Rxe2 25.Rxe2 Bb5 26.Ref2 Bxf1 27.Kxf1 Rd7 28.g3 Rxd4 29.Ke1 Re4+
30.Re2 Bg7 31.b3 Bd4 32.Kd2 Kg7 33.Nf2 Bc3+ 34.Kd3 Rd4+ 35.Kc2 Rd5 36.Nd3 Rd7
37.Re8 Kh6 38.a3 a5 39.Ra8 Rc7 40.Rxa5 bxa3 41.Ra4 Bd4+ 42.Kd2 Ra7 43.Nc1 Rd7
44.Nd3 Bg1 45.h3 Ra7 46.Rxa7 Bxa7 47.Kc2 Bd4 48.Kb1 g5 49.b4 gxf4 50.Nxf4 Bf2
51.Ne2 f4 52.gxf4 Kh5 53.Nc3 f5 54.Nd5 Kh4 55.Ne7 Kxh3 56.Nxf5 Kg4 57.Ng7 Kxf4
58.b5 Kg4 59.Ka2 Bd4 60.Ne6 Be5 61.b6 h5 62.Nc5 Kf5 63.Nd3 Bd6 64.Nf2 h4
65.b7 Ke6 66.Ne4 Bb8 67.Kxa3 Ke5 68.Nf2 Kf4 69.Kb4 Kf3 70.Nh3 Kg2 71.Ng5 h3
72.Nxh3 Kxh3  1/2-1/2

[Event "Yalta op"]
[Site "Yalta"]
[Date "1996.??.??"]
[Round "5"]
[White "Averkin, Orest N"]
[Black "Zhukova, Natalia"]
[Result "1-0"]
[WhiteElo "2455"]
[BlackElo "2355"]

1.d4 d5 2.c4 c6 3.Nf3 Nf6 4.Nc3 a6 5.e3 b5 6.cxd5 cxd5 7.a4 b4 8.Na2 e6 9.Bd2 a5
10.Bb5+ Bd7 11.Ne5 Bd6 12.Nxd7 Nbxd7 13.O-O O-O 14.Nc1 Ne4 15.Be1 Bb8 16.Nb3 Nb6
17.Bd3 f5 18.f3 Qd6 19.g3 Nf6 20.Qe2 Nfd7 21.Bb5 Rc8 22.Bf2 Qe7 23.e4 dxe4
24.fxe4 f4 25.Rac1 Rf8 26.e5 Qg5 27.Qe4 Ra7 28.Rc6 Qh6 29.Be2 Qh3 30.Nd2 Nd5
31.Nf3 Qh6 32.Bd3 fxg3 33.hxg3 Rf7 34.Rxe6 Qxe6 35.Qxh7+ Kf8 36.Ng5 Qh6 37.Nxf7 Qxh7
38.Bxh7 Kxf7 39.Be3+ Ke8 40.Bg5 Nf8 41.Be4 Ne7 42.Bd3 Ne6 43.Bb5+ Kd8 44.d5 Nxg5
45.Rf8+ Kc7 46.d6+ Kb6 47.Rxb8+ Kc5 48.d7 Rxd7 49.Bxd7 Nf3+ 50.Kf2 Nxe5 51.Bb5 Nd5
52.Ke2 Nb6 53.Rb7 g6 54.Ra7 b3 55.Rxa5 Kb4 56.Ra6 Nbc4 57.Re6 Kc5 58.Bxc4 Nxc4
59.a5  1-0

[Event "Yerevan op"]
[Site "Yerevan"]
[Date "1996.??.??"]
[Round "6"]
[White "Avetisian, Marine"]
[Black "Crouch, Colin S"]
[Result "1/2-1/2"]
[WhiteElo "2085"]
[BlackElo "2380"]

1.d4 d5 2.c4 c6 3.Nf3 Nf6 4.Nc3 a6 5.cxd5 cxd5 6.Bf4 e6 7.e3 Bd6 8.Bxd6 Qxd6
9.Bd3 O-O 10.O-O b5 11.Rc1 Bb7 12.Ne5 Nbd7 13.Nxd7 Nxd7 14.Qd2 Nb6 15.b3 f5
16.Ne2 b4 17.Rc2 Rfc8 18.Rfc1 Rxc2 19.Rxc2 Rc8 20.Rxc8+ Bxc8 21.Qc2 Kf7 22.g3 Ke7
23.Kf1 Kd7 24.Ke1 g5 25.Qd2 Kc7 26.Bb1 a5 27.Nc1 Nd7 28.a4 Nf6 29.Qe2 Bd7
30.Nd3 Ne4 31.Ne5 Nc3 32.Qd3 Bc8 33.Bc2 Qf8 34.Qd2 g4 35.f3 gxf3 36.Nxf3 Qh6
37.Bd3 Qh5 38.Qf2 Kb6 39.Kf1 Ba6 40.Bxa6 Kxa6 41.Kg2 Qg4 42.Nd2 Ka7 43.Qf4 Qe2+
44.Kh3  1/2-1/2

[Event "Yerevan ol (Men)"]
[Site "Yerevan"]
[Date "1996.??.??"]
[Round "10"]
[White "Demirel, Tolga"]
[Black "Simonenko, Sergei"]
[Result "1/2-1/2"]
[WhiteElo "2190"]
[BlackElo "2365"]

1.d4 d5 2.c4 c6 3.Nf3 Nf6 4.Nc3 a6 5.e3 b5 6.b3 Bg4 7.Be2 e6 8.Ne5 Bxe2 9.Nxe2 Nfd7
10.cxd5 Nxe5 11.dxe5 Qxd5 12.Qxd5 cxd5 13.Nd4 Nd7 14.f4 Rc8 15.Bb2 Bb4+ 16.Ke2 Nb8
17.a4 Nc6 18.axb5 Nxd4+ 19.Bxd4 axb5 20.Rhc1 Rxc1 21.Rxc1 Kd7 22.Ra1 Rc8
23.Kd3 h5 24.g3 g6 25.h3 Rc6 26.g4 hxg4 27.hxg4 Rc8 28.Ra7+ Rc7 29.Ra1 Rc8
30.Bb2 Rc7 31.Ra8 Rc8 32.Ra7+ Rc7 33.Ra8 Rc8 34.Rxc8 Kxc8 35.Bc3 Bc5 36.Bd4 Bb4  1/2-1/2

[Event "Zlin op"]
[Site "Zlin"]
[Date "1996.??.??"]
[Round "?"]
[White "Spanhel, Petr"]
[Black "Tolstikh, Nikolay"]
[Result "0-1"]
[WhiteElo "2215"]
[BlackElo "2420"]

1.d4 d5 2.c4 c6 3.Nf3 Nf6 4.Nc3 a6 5.a4 g6 6.e3 Bg7 7.b4 O-O 8.Bb2 b6 9.Be2 Bb7
10.Qb3 Nbd7 11.O-O Qb8 12.h3 e6 13.Rfc1 Rc8 14.Rab1 a5 15.bxa5 Rxa5 16.cxd5 exd5
17.Ba3 Bf8 18.Bxf8 Kxf8 19.Qb4+ Kg7 20.Ng5 h6 21.Nf3 Ra7 22.Qb2 Kh7 23.Bd3 Re8
24.Qc2 Qd6 25.Rd1 Qe7 26.Nd2 Ba6 27.Bxa6 Rxa6 28.Nf3 Rea8 29.Kf1 R8a7 30.Kg1 Ra5
31.Nd2 R5a6 32.Nf3 Kg7 33.Rbc1 Qe6 34.Rb1 Qd6 35.Rbc1 Qe7 36.Rb1 Ra8 37.Rbc1 Kh7
38.Rb1 Ra5 39.Rbc1 Rc8 40.Qb3 Rca8 41.Kf1 Kg7 42.Kg1 Qe6 43.Qc2 Kg8 44.Kf1 c5
45.dxc5 bxc5 46.Rb1 Nb6 47.Rb5 Rxb5 48.axb5 Ra3 49.Kg1 Ra5 50.Qb3 Kg7 51.Kf1 Nc4
52.Kg1 Ra3 53.Qc2 Nxe3 54.fxe3 Qxe3+ 55.Qf2 Qxc3 56.Rb1 Ne4 57.Qf1 Qe3+ 58.Kh2 Qf4+
59.Kg1 Nc3 60.Rb2 Qa4 61.Kh2 Ra1 62.Qf2 Nd1 63.Qg3 Nxb2 64.Qe5+ Kh7 65.b6 Nd3
66.Qxd5 Qf4+ 67.g3 Qf5  0-1

[Event "Zlin op"]
[Site "Zlin"]
[Date "1996.??.??"]
[Round "8"]
[White "Belunek, Vladimir"]
[Black "Tolstikh, Nikolay"]
[Result "0-1"]
[WhiteElo "2215"]
[BlackElo "2420"]

1.d4 d5 2.c4 c6 3.Nf3 Nf6 4.Nc3 a6 5.e3 b5 6.b3 Bg4 7.h3 Bxf3 8.Qxf3 e5 9.c5 Nbd7
10.Bd2 b4 11.Na4 a5 12.O-O-O Be7 13.Qe2 O-O 14.Be1 Ne8 15.f3 Nc7 16.h4 f5
17.g3 Nb5 18.f4 exd4 19.exd4 Kh8 20.Bh3 g6 21.h5 g5 22.fxg5 Bxg5+ 23.Kb1 Qf6
24.Qd3 Rae8 25.Bf2 Re4 26.Rhf1 Qe7 27.Bg1 f4 28.gxf4 Rfxf4 29.Rxf4 Bxf4 30.Bf5 Re1
31.Bf2 Rxd1+ 32.Qxd1 Bh6 33.Bd3 Qf6 34.Qe2 Nxd4 35.Qe8+ Nf8 36.Bg3 Ne6 37.Qxc6 Qg5  0-1

[Event "Weihnachts op"]
[Site "Zuerich"]
[Date "1996.??.??"]
[Round "3"]
[White "Tukmakov, Vladimir B"]
[Black "Maeser, Fabian"]
[Result "1-0"]
[WhiteElo "2580"]
[BlackElo "2305"]

1.d4 d5 2.c4 c6 3.Nf3 Nf6 4.Nc3 a6 5.c5 Bf5 6.Qb3 Qc8 7.Bf4 Nbd7 8.h3 e6
9.Nh4 Be7 10.Nxf5 exf5 11.g4 Ne4 12.gxf5 Ndf6 13.e3 O-O 14.Bd3 Bd8 15.Bxe4 dxe4
16.Be5 Nd7 17.Bd6 Re8 18.O-O-O Bc7 19.Bxc7 Qxc7 20.Rhg1 Nf6 21.Rg2 Kh8 22.Rdg1 Rg8
23.f3 exf3 24.Rf2 Rae8 25.Rxf3 Qh2 26.Rgf1 Re7 27.Qc2 Qc7 28.e4 Rd7 29.e5 Nd5
30.Ne4 Nb4 31.Qc4  1-0

[Event "Weihnachts op"]
[Site "Zuerich"]
[Date "1996.??.??"]
[Round "4"]
[White "Ivanisevic, Ivan"]
[Black "Tukmakov, Vladimir B"]
[Result "1-0"]
[WhiteElo "2300"]
[BlackElo "2580"]

1.d4 d5 2.c4 c6 3.Nf3 Nf6 4.Nc3 a6 5.cxd5 cxd5 6.Bf4 Nc6 7.e3 Bg4 8.Rc1 Rc8
9.h3 Bxf3 10.Qxf3 Qb6 11.Bd3 Qxb2 12.Rc2 Qa3 13.O-O e6 14.Rb1 Bb4 15.Bg5 Nd7
16.Nxd5 exd5 17.Bf5 O-O 18.Qg4 Nb6 19.Bf6 g6 20.Qg5 Rfe8 21.h4 Ne7 22.Bxc8 Nexc8
23.h5 Nd7 24.Rc7 Nxf6 25.Qxf6 Be7 26.Qe5 Qxa2 27.Rbc1  1-0

[Event "Hoogovens-B"]
[Site "Wijk aan Zee"]
[Date "1997.02.02"]
[Round "11"]
[White "Kalinin, Alexander"]
[Black "Van der Wiel, John TH"]
[Result "1/2-1/2"]
[WhiteElo "2425"]
[BlackElo "2555"]

1.Nf3 d5 2.d4 c6 3.c4 Nf6 4.Nc3 a6 5.e3 b5 6.b3 Bg4 7.Be2 e6 8.O-O Nbd7 9.Ne5 Bxe2
10.Nxe2 Rc8 11.Bb2 Bd6 12.Rc1 O-O 13.Rc2 bxc4 14.bxc4 Bxe5 15.dxe5 Ng4 16.Qd4 Qg5
17.f4 Qg6 18.Rfc1 c5 19.Qd2 Qe4 20.Rc3 Nb6  1/2-1/2

[Event "RUS-Cup4"]
[Site "Perm"]
[Date "1997.02.09"]
[Round "2"]
[White "Fominyh, Alexander"]
[Black "Volkov, Sergey"]
[Result "1-0"]
[WhiteElo "2545"]
[BlackElo "2480"]

1.d4 d5 2.c4 c6 3.Nf3 Nf6 4.Nc3 a6 5.h3 Nbd7 6.cxd5 cxd5 7.Bf4 e6 8.e3 b5
9.Bd3 Be7 10.a4 b4 11.Nb1 a5 12.Nbd2 Ba6 13.Bxa6 Rxa6 14.Rc1 O-O 15.O-O Qa8
16.Qc2 Nb6 17.Qc6 Nbd7 18.Qxa8 Raxa8 19.Rc6 Rfc8 20.Rfc1 Rxc6 21.Rxc6 Bd8
22.Nb3 Ne4 23.Ne5 Nb6 24.f3 g5 25.Bh2 Nxa4 26.fxe4 Nxb2 27.exd5 exd5 28.Rc2 Nd1
29.Nc5 Nxe3 30.Re2 Nf5 31.Ned7 Ng7 32.Kf2 f6 33.Ke3 Kf7 34.Kd3 h5 35.Na4 Ra6
36.Rc2 Re6 37.Rc8 Be7 38.Bg3 Nf5 39.Bf2 Nd6 40.Rc7  1-0

[Event "FRA-chT9697 final"]
[Site "Clichy"]
[Date "1997.05.02"]
[Round "9"]
[White "Bouhallel, Rabah"]
[Black "Chagnaud, Thomas"]
[Result "1-0"]
[WhiteElo "2240"]
[BlackElo "2175"]

1.d4 d5 2.Nf3 Nf6 3.c4 c6 4.Nc3 a6 5.c5 Nbd7 6.Bf4 Nh5 7.e3 Nxf4 8.exf4 g6
9.Bd3 Qc7 10.g3 Bg7 11.O-O O-O 12.Re1 e6 13.Qc2 f6 14.Rxe6 Ne5 15.Rxe5 fxe5
16.dxe5 Qe7 17.Ne2 Bf5 18.Bxf5 Rxf5 19.Ned4 Rf7 20.h4 Bh6 21.Ng5 Bxg5 22.hxg5 Kg7
23.Kg2 Rc8 24.Qc3 Kg8 25.b4 Rff8 26.Rc1 Qd7 27.Re1 Rce8 28.f3 Qc7 29.Rd1 Qb8
30.Nc2 Qc8 31.Ne3 Qe6 32.Qd4 Re7 33.Ng4 Kg7 34.Nf6 Qf5 35.Rc1 Rh8 36.g4 Qe6
37.Rh1 h6 38.gxh6+ Rxh6 39.Rxh6 Kxh6 40.Kg3 Kg7 41.Kh4 Qc8 42.Kg3 Rf7 43.f5 gxf5
44.g5 Qe6 45.Nh5+ Kf8 46.Nf4 Qc8 47.e6 Rg7 48.Qf6+ Kg8 49.Nh5  1-0

[Event "RUS-Cup7"]
[Site "Kstovo"]
[Date "1997.05.04"]
[Round "4"]
[White "Gleizerov, Evgeny"]
[Black "Burmakin, Vladimir"]
[Result "1-0"]
[WhiteElo "2545"]
[BlackElo "2530"]

1.d4 d5 2.c4 c6 3.Nf3 Nf6 4.Nc3 a6 5.Ne5 Nbd7 6.Bf4 dxc4 7.Nxc4 b5 8.Ne5 Bb7
9.e3 Nxe5 10.Bxe5 Nd7 11.Bg3 b4 12.Ne4 c5 13.d5 Qa5 14.Bc4 Nb6 15.Bc7 Rc8
16.Bxb6 Qxb6 17.Qa4+ Kd8 18.O-O h6 19.Rfd1 g6 20.Rac1 Bg7 21.d6 e6 22.Qc2 f5
23.Nd2 Qc6 24.f3 Qd7 25.Nb3 Bf6 26.Na5 Rb8 27.Bb3 Qb5 28.Qxc5 Qxc5 29.Rxc5 Rh7
30.Bxe6 Bxb2 31.d7  1-0